000 00716nam a2200277Ia 4500
005 20260324115515.0
008 008 260324s9999 xx 000 0 eng d
020 _a9781315117355
037 _aEBOOK
040 _aCRL
040 _beng
040 _cCRL
041 _2eng
041 _aeng
084 _qCRL
100 _aMasanobu Taniguchi; Hiroshi Shiraishi; Junichi Hirukawa; Hiroko Kato Solvang; Takashi Yamashita
_91154933
245 0 _aStatistical Portfolio Estimation
260 _bTaylor and Francis
260 _c2017
365 _a
365 _b275
856 _uhttp://www.taylorfrancis.com/books/9781315117355
942 _cEBOOK
999 _c1745862
_d1745862